[Event "XXXVIII Torneo Internacional de Ajedrez"]
[Site "La Roda (Albacete) - ESPAÑA"]
[Date "2011.04.23"]
[Round "7.13"]
[White "Plaskett, H James"]
[Black "Alcazar Jimenez, Jesus"]
[Result "1-0"]
[WhiteElo "2475"]
[BlackElo "2264"]
[PlyCount "75"]
[EventDate "2011.04.20"]

1. e4 e5 2. Nf3 Nc6 3. Bb5 a6 4. Ba4 Nf6 5. O-O Be7 6. Re1 b5 7. Bb3 O-O 8. a4
b4 9. d3 d6 10. Nbd2 Rb8 11. h3 Nd7 12. a5 Nc5 13. Bc4 Be6 14. Nf1 Nb7 15. Bxa6
Nbxa5 16. Ne3 Ra8 17. Bb5 Qb8 18. Ba4 Bd8 19. Bd2 Na7 20. d4 c6 21. Qe2 f6 22.
Qd3 Bf7 23. c3 bxc3 24. bxc3 Nc8 25. Reb1 Qc7 26. d5 cxd5 27. Nxd5 Qc4 28. Bb5
Qxd3 29. Bxd3 Ra7 30. Be3 Ra8 31. Bd2 Ra7 32. Rb8 Be6 33. Be3 Rb7 34. Ra8 Nb3
35. Rb1 Nc5 36. Rxb7 Nxb7 37. Ba6 Rf7 38. Rb8 1-0

[Event "XXXVIII Torneo Internacional de Ajedrez"]
[Site "La Roda (Albacete) - ESPAÑA"]
[Date "2011.04.23"]
[Round "7.14"]
[White "Garcia Rodriguez, Victor"]
[Black "Antoli Royo, Joaquin Miguel"]
[Result "0-1"]
[WhiteElo "2234"]
[BlackElo "2435"]
[PlyCount "56"]
[EventDate "2011.04.20"]

1. e4 c5 2. Nf3 Nc6 3. d4 cxd4 4. Nxd4 Nf6 5. Nc3 d6 6. Be2 e5 7. Nb3 Be7 8.
O-O O-O 9. f4 Be6 10. Be3 exf4 11. Bxf4 d5 12. e5 Ne4 13. Bd3 Qb6+ 14. Kh1 Nf2+
15. Rxf2 Qxf2 16. Bg3 Qe3 17. Qf1 Qh6 18. Nb5 Bh4 19. Bf4 Bg5 20. Bg3 f5 21.
Qe1 f4 22. Bf2 f3 23. g3 Bh3 24. Nc7 Rad8 25. Nxd5 Rxd5 26. Bc4 Be6 27. Bxd5
Bxd5 28. Rd1 Qh3 0-1

[Event "XXXVIII Torneo Internacional de Ajedrez"]
[Site "La Roda (Albacete) - ESPAÑA"]
[Date "2011.04.23"]
[Round "7.15"]
[White "Garza Marco, Sergio"]
[Black "Tudela Corbalan, Carlos"]
[Result "1-0"]
[WhiteElo "2434"]
[BlackElo "2248"]
[PlyCount "77"]
[EventDate "2011.04.20"]

1. d4 g6 2. c4 Bg7 3. Nc3 d6 4. Nf3 Nd7 5. e4 e5 6. d5 Ne7 7. h4 h5 8. Ng5 Nf8
9. Bd3 f6 10. Nf3 Bg4 11. Qb3 Nd7 12. Be3 Bh6 13. Bxh6 Nc5 14. Qc2 Rxh6 15. Be2
a5 16. b3 Kf7 17. Rb1 Rh8 18. O-O Qg8 19. Nb5 Rc8 20. a3 Bxf3 21. Bxf3 g5 22.
hxg5 Qxg5 23. b4 axb4 24. axb4 Na6 25. c5 Ng6 26. cxd6 Nh4 27. Qd3 Rcg8 28. g3
Ng6 29. dxc7 Nf4 30. Qc4 h4 31. Nd6+ Kg6 32. Nf5 hxg3 33. fxg3 Nh3+ 34. Kg2
Nf4+ 35. Kf2 Rh2+ 36. Ke1 Nxd5 37. Qxd5 Ra8 38. Qd7 Rh7 39. c8=Q 1-0

[Event "XXXVIII Torneo Internacional de Ajedrez"]
[Site "La Roda (Albacete) - ESPAÑA"]
[Date "2011.04.23"]
[Round "7.16"]
[White "Suarez Uriel, Adrian"]
[Black "Guerra Bastida, Diego"]
[Result "1-0"]
[WhiteElo "2192"]
[BlackElo "2413"]
[PlyCount "89"]
[EventDate "2011.04.20"]

1. e4 e6 2. Qe2 c5 3. Nf3 Nc6 4. g3 g6 5. Bg2 Bg7 6. O-O Nge7 7. c3 d5 8. d3 h6
9. e5 b6 10. a4 a5 11. Na3 Ba6 12. Nb5 O-O 13. b3 Na7 14. d4 cxd4 15. Nfxd4
Nac6 16. Nxc6 Nxc6 17. f4 Qd7 18. Be3 d4 19. Rfd1 Rac8 20. c4 Rfd8 21. Nxd4
Nxd4 22. Bxd4 Qc7 23. Rd3 Bf8 24. Kh1 Bxc4 25. bxc4 Qxc4 26. Qe4 Bc5 27. Bxc5
Qxd3 28. Qxd3 Rxd3 29. Bxb6 Rdc3 30. Bf1 Rc2 31. Bxa5 Rb2 32. Bd3 g5 33. Be1 g4
34. a5 Rd8 35. Be4 Re2 36. Bb7 Rb2 37. a6 Kg7 38. Be4 Re2 39. Bg2 Rd7 40. Kg1
Rc7 41. Bf2 Rec2 42. a7 Rc1+ 43. Rxc1 Rxc1+ 44. Bf1 Ra1 45. Kg2 1-0

[Event "XXXVIII Torneo Internacional de Ajedrez"]
[Site "La Roda (Albacete) - ESPAÑA"]
[Date "2011.04.23"]
[Round "7.17"]
[White "Espinosa Aranda, Angel"]
[Black "Alcaraz Ortega, Javier"]
[Result "1/2-1/2"]
[WhiteElo "2399"]
[BlackElo "2236"]
[PlyCount "97"]
[EventDate "2011.04.20"]

1. e4 d5 2. exd5 Qxd5 3. Nc3 Qa5 4. d4 Nf6 5. Bc4 Bg4 6. f3 Bd7 7. Bd2 Qb6 8.
Nge2 e6 9. O-O Be7 10. a4 a5 11. Be3 O-O 12. Qd2 Nc6 13. Kh1 Nb4 14. Nf4 Rfd8
15. Qf2 Qd6 16. Ne4 Qc6 17. Bb3 Nbd5 18. Bd2 Nxf4 19. Bxf4 Qb6 20. Be3 Nd5 21.
Bd2 Bc6 22. Rae1 Nf6 23. Nc5 Bd5 24. Bxd5 Nxd5 25. c4 Nb4 26. Be3 Qc6 27. Qg3
Bf6 28. Ne4 Bxd4 29. Bg5 f5 30. Bxd8 Rxd8 31. Qh4 Re8 32. Ng5 h6 33. Qxd4 hxg5
34. Qd2 Qxc4 35. Rc1 Qd5 36. Qxg5 c5 37. h4 Nd3 38. Rb1 Rf8 39. b3 Rf6 40. Qe3
Rh6 41. g3 f4 42. Qe4 fxg3 43. Qxd5 exd5 44. Kg2 Rxh4 45. Kxg3 Rh6 46. Kg4 Kf7
47. Rbd1 Rg6+ 48. Kf5 Rf6+ 49. Kg5 1/2-1/2

[Event "XXXVIII Torneo Internacional de Ajedrez"]
[Site "La Roda (Albacete) - ESPAÑA"]
[Date "2011.04.23"]
[Round "7.18"]
[White "Guadamuro Torrente, Anabel"]
[Black "Gallardo Garcia, Andres"]
[Result "1/2-1/2"]
[WhiteElo "2167"]
[BlackElo "2370"]
[PlyCount "36"]
[EventDate "2011.04.20"]

1. e4 c6 2. d4 d5 3. exd5 cxd5 4. c3 Nf6 5. Bd3 Nc6 6. Nf3 Qc7 7. h3 g6 8. O-O
Bf5 9. Re1 Bxd3 10. Qxd3 Bg7 11. Ne5 Nxe5 12. dxe5 Nd7 13. Qxd5 e6 14. Qd6 Bxe5
15. Qxc7 Bxc7 16. Be3 O-O 17. Nd2 Ne5 18. Ne4 Nc6 1/2-1/2

[Event "XXXVIII Torneo Internacional de Ajedrez"]
[Site "La Roda (Albacete) - ESPAÑA"]
[Date "2011.04.23"]
[Round "7.19"]
[White "Ramiro Ovejero, Juan Luis"]
[Black "Navarro Lopez-Menchero, Daniel"]
[Result "1/2-1/2"]
[WhiteElo "2350"]
[BlackElo "2152"]
[PlyCount "105"]
[EventDate "2011.04.20"]

1. e4 c5 2. Nf3 e6 3. d3 Nc6 4. g3 g6 5. Bg2 Bg7 6. O-O Nge7 7. c3 e5 8. a3 d6
9. b4 O-O 10. Bb2 Kh8 11. b5 Nb8 12. c4 f5 13. exf5 Nxf5 14. Nc3 Nd7 15. a4 a5
16. bxa6 Rxa6 17. Nd2 Nf6 18. Nde4 Nxe4 19. Nxe4 Bd7 20. Nc3 Bc6 21. Bxc6 bxc6
22. Ne4 Qe7 23. Re1 d5 24. Nd2 Qe6 25. Qe2 Nd4 26. Bxd4 cxd4 27. Ra2 Rfa8 28.
cxd5 cxd5 29. Nf3 Rxa4 30. Rxa4 Rxa4 31. Nxe5 Bxe5 32. Qxe5+ Qxe5 33. Rxe5 Ra3
34. Rxd5 Rxd3 35. Kf1 h5 36. Ke2 Ra3 37. Rxd4 Kg7 38. h3 Ra2+ 39. Ke3 Rb2 40.
g4 hxg4 41. hxg4 Rb5 42. f4 Rb7 43. Ke4 Kf7 44. Ke5 Re7+ 45. Kd6 Re1 46. Rc4
Rd1+ 47. Ke5 Re1+ 48. Re4 Ra1 49. f5 gxf5 50. gxf5 Rb1 51. Kf4 Rf1+ 52. Ke5 Rb1
53. Kf4 1/2-1/2

[Event "XXXVIII Torneo Internacional de Ajedrez"]
[Site "La Roda (Albacete) - ESPAÑA"]
[Date "2011.04.23"]
[Round "7.20"]
[White "Valmana Canto, Jaime"]
[Black "Remolar Gallen, Jose"]
[Result "1-0"]
[WhiteElo "2330"]
[BlackElo "2041"]
[PlyCount "45"]
[EventDate "2011.04.20"]

1. c4 c6 2. Nf3 Nf6 3. g3 g6 4. Bg2 Bg7 5. O-O O-O 6. d4 d5 7. b3 Ne4 8. Bb2
Nd7 9. e3 b6 10. Qc2 Bb7 11. Rd1 e6 12. Ne5 Nef6 13. f4 Rc8 14. Nc3 Qc7 15.
Rac1 Qb8 16. e4 Qa8 17. cxd5 cxd5 18. Nxd7 Nxd7 19. e5 Ba6 20. Re1 Rc7 21. g4
Qd8 22. Qf2 Qe7 23. Nxd5 1-0

[Event "XXXVIII Torneo Internacional de Ajedrez"]
[Site "La Roda (Albacete) - ESPAÑA"]
[Date "2011.04.24"]
[Round "8.1"]
[White "Forcen Esteban, Daniel"]
[Black "Cuenca Jimenez, Jose Fernando"]
[Result "0-1"]
[WhiteElo "2425"]
[BlackElo "2493"]
[PlyCount "36"]
[EventDate "2011.04.20"]

1. e4 d6 2. d4 Nf6 3. Nc3 e5 4. Nf3 Nbd7 5. Bc4 Be7 6. Qe2 O-O 7. O-O c6 8. a4
exd4 9. Nxd4 Re8 10. Be3 Bf8 11. f3 d5 12. exd5 Nb6 13. Bb3 c5 14. Ndb5 c4 15.
Bxc4 Nxc4 16. Qxc4 Rxe3 17. Qd4 Qb6 18. Qxb6 axb6 0-1

[Event "XXXVIII Torneo Internacional de Ajedrez"]
[Site "La Roda (Albacete) - ESPAÑA"]
[Date "2011.04.24"]
[Round "8.2"]
[White "Korneev, Oleg"]
[Black "Larino Nieto, David"]
[Result "1/2-1/2"]
[WhiteElo "2573"]
[BlackElo "2475"]
[PlyCount "85"]
[EventDate "2011.04.20"]

1. e4 e6 2. d4 d5 3. Nd2 c5 4. Ngf3 cxd4 5. Nxd4 Nc6 6. Bb5 Bd7 7. Nxc6 Bxc6 8.
Bxc6+ bxc6 9. c4 dxe4 10. Nxe4 Qa5+ 11. Bd2 Bb4 12. Bxb4 Qxb4+ 13. Qd2 Qxd2+
14. Kxd2 O-O-O+ 15. Kc3 Nf6 16. Nxf6 gxf6 17. Rad1 h5 18. h4 f5 19. g3 Kc7 20.
b4 Rhg8 21. Rxd8 Rxd8 22. Re1 c5 23. a3 a5 24. bxc5 Rb8 25. Kd4 Rb2 26. f4 Rb3
27. Rg1 Kd7 28. c6+ Kxc6 29. Ke5 Rxa3 30. Kf6 a4 31. Kxf7 Re3 32. Kg6 a3 33.
Kxh5 Kd6 34. g4 fxg4 35. Kxg4 Rc3 36. h5 Rxc4 37. h6 Rc2 38. Rh1 Rg2+ 39. Kf3
Rg8 40. Ra1 Rh8 41. Rxa3 Rxh6 42. Ke4 Rh5 43. Ra6+ 1/2-1/2

[Event "XXXVIII Torneo Internacional de Ajedrez"]
[Site "La Roda (Albacete) - ESPAÑA"]
[Date "2011.04.24"]
[Round "8.3"]
[White "Khamrakulov, Ibragim S"]
[Black "Almeida Quintana, Omar"]
[Result "1/2-1/2"]
[WhiteElo "2495"]
[BlackElo "2576"]
[PlyCount "53"]
[EventDate "2011.04.20"]

1. e4 g6 2. d4 Bg7 3. Nc3 d6 4. f4 a6 5. a4 Nf6 6. Nf3 O-O 7. Be2 c5 8. d5 Bg4
9. O-O Bxf3 10. Bxf3 Nbd7 11. Qe2 Ne8 12. Be3 Rb8 13. a5 b5 14. axb6 Qxb6 15.
Rxa6 Qxb2 16. Ra7 Bxc3 17. Rxd7 Nf6 18. Rxe7 Rfe8 19. Rxe8+ Rxe8 20. Qc4 Qb4
21. Qxb4 cxb4 22. e5 dxe5 23. Rd1 e4 24. Be2 Rd8 25. Bc4 Ne8 26. Bb6 Rb8 27. d6
1/2-1/2

[Event "XXXVIII Torneo Internacional de Ajedrez"]
[Site "La Roda (Albacete) - ESPAÑA"]
[Date "2011.04.24"]
[Round "8.4"]
[White "Cruz, Cristhian"]
[Black "Ibarra Jerez, Jose Carlos"]
[Result "1/2-1/2"]
[WhiteElo "2492"]
[BlackElo "2522"]
[PlyCount "75"]
[EventDate "2011.04.20"]

1. d4 Nf6 2. c4 d6 3. Nc3 e5 4. Nf3 e4 5. Nd2 Qe7 6. e3 g6 7. g3 c6 8. b3 Bg7
9. Qc2 Bf5 10. Bg2 O-O 11. Ndxe4 c5 12. Nxf6+ Qxf6 13. Qd1 cxd4 14. Nd5 Qe6 15.
Nc7 Qe7 16. Nxa8 dxe3 17. Bxe3 Bc3+ 18. Kf1 Nc6 19. Rc1 Bb2 20. Rc2 Bxc2 21.
Qxc2 Bg7 22. Qd2 Rxa8 23. Bd5 Re8 24. Kg2 Qc7 25. Rd1 Bf8 26. h3 a6 27. Bf4 Qb6
28. Bf3 Ne5 29. Qd5 Nxf3 30. Qxf3 Re6 31. Rd5 Qb4 32. a4 Qb6 33. Bd2 Be7 34.
Bf4 Bf8 35. Bc1 Qc6 36. Bb2 Bg7 37. Bxg7 Kxg7 38. Qc3+ 1/2-1/2

[Event "XXXVIII Torneo Internacional de Ajedrez"]
[Site "La Roda (Albacete) - ESPAÑA"]
[Date "2011.04.24"]
[Round "8.5"]
[White "Almagro Llamas, Pablo"]
[Black "Paunovic, Dragan"]
[Result "1-0"]
[WhiteElo "2472"]
[BlackElo "2504"]
[PlyCount "96"]
[EventDate "2011.04.20"]

1. e4 d6 2. d4 Nf6 3. Nc3 e5 4. Nf3 Nbd7 5. Bc4 Be7 6. O-O O-O 7. a4 c6 8. h3
a5 9. Re1 h6 10. Ba2 Re8 11. Nh4 exd4 12. Qxd4 Nc5 13. Ng6 Be6 14. Nxe7+ Qxe7
15. b3 Rad8 16. Ba3 Nh5 17. Rad1 Bc8 18. Re3 Ne6 19. Qd2 Nef4 20. Ne2 Nxe2+ 21.
Rxe2 Qh4 22. Bb2 b6 23. Rde1 Re6 24. Re3 Rg6 25. Kh2 Re8 26. c4 Ree6 27. Bb1
Nf4 28. Rg3 Nh5 29. Rf3 Nf6 30. e5 Ng4+ 31. Kg1 Nxe5 32. Bxe5 dxe5 33. Bxg6
Rxg6 34. Qe3 c5 35. Qxe5 Re6 36. Qa1 Qd4 37. Qb1 g6 38. Rxe6 Bxe6 39. Qc1 Kh7
40. Qc3 Qd1+ 41. Kh2 Qd6+ 42. Kh1 Qd1+ 43. Kh2 Qd6+ 44. g3 Qd1 45. Qf6 Qf1 46.
g4 Qe2 47. Re3 Qc2 48. Qc3 Qd1 1-0

[Event "XXXVIII Torneo Internacional de Ajedrez"]
[Site "La Roda (Albacete) - ESPAÑA"]
[Date "2011.04.24"]
[Round "8.6"]
[White "Hernandez Carmenates, Holden"]
[Black "Suba, Mihai"]
[Result "1/2-1/2"]
[WhiteElo "2564"]
[BlackElo "2465"]
[PlyCount "114"]
[EventDate "2011.04.20"]

1. Nf3 Nf6 2. c4 c5 3. d4 cxd4 4. Nxd4 e6 5. g3 Bb4+ 6. Bd2 Be7 7. Bg2 O-O 8.
O-O Nc6 9. Bc3 d5 10. Nd2 Bd7 11. Rc1 Nxd4 12. Bxd4 Bc6 13. Nb3 a5 14. Bc3 a4
15. Nd4 Qb6 16. Nxc6 bxc6 17. Bd4 Qb8 18. cxd5 cxd5 19. e3 Rd8 20. Rc6 Nd7 21.
Qc2 Bf6 22. Bxf6 Nxf6 23. Rc1 Qe5 24. Bf1 h5 25. Qc3 Qf5 26. Bd3 Qh3 27. f3 h4
28. Qe5 hxg3 29. Qxg3 Qh6 30. Qf2 Rab8 31. Kh1 Nd7 32. f4 Qf6 33. R6c2 e5 34.
fxe5 Qxf2 35. Rxf2 Nxe5 36. Bc2 g6 37. Rb1 d4 38. Bxa4 dxe3 39. Re2 Nc4 40. b3
Rd2 41. Rg2 Na3 42. Rc1 Kg7 43. Kg1 Rb6 44. Re1 Nc2 45. Rxd2 exd2 46. Rd1 Rd6
47. Kf2 g5 48. Ke2 Nd4+ 49. Kxd2 Nxb3+ 50. Kc2 Rxd1 51. Kxd1 Nc5 52. Bc2 Kf6
53. Ke2 Ke5 54. a4 Nxa4 55. Bxa4 g4 56. Bd7 Kf4 57. Kf2 f5 1/2-1/2

[Event "XXXVIII Torneo Internacional de Ajedrez"]
[Site "La Roda (Albacete) - ESPAÑA"]
[Date "2011.04.24"]
[Round "8.7"]
[White "Martinez Martin, David"]
[Black "Burmakin, Vladimir"]
[Result "0-1"]
[WhiteElo "2398"]
[BlackElo "2594"]
[PlyCount "46"]
[EventDate "2011.04.20"]

1. e4 c6 2. d4 d5 3. e5 Bf5 4. h4 h5 5. Bg5 Qb6 6. Bd3 Qxd4 7. Nf3 Qg4 8. Be2
Qb4+ 9. c3 Qxb2 10. O-O e6 11. Nd4 Bg6 12. Nd2 Qb6 13. N2f3 Nd7 14. c4 Ne7 15.
a4 a5 16. Be3 Qc7 17. Qd2 dxc4 18. Bxc4 Nd5 19. Bxd5 Bb4 20. Qc1 exd5 21. e6
Nc5 22. exf7+ Kxf7 23. Nb5 Nd3 0-1

[Event "XXXVIII Torneo Internacional de Ajedrez"]
[Site "La Roda (Albacete) - ESPAÑA"]
[Date "2011.04.24"]
[Round "8.8"]
[White "Cabrera, Alexis"]
[Black "Pardo Simon, David"]
[Result "1-0"]
[WhiteElo "2511"]
[BlackElo "2388"]
[PlyCount "89"]
[EventDate "2011.04.20"]

1. d4 Nf6 2. c4 e6 3. Nc3 Bb4 4. Qc2 O-O 5. e4 d6 6. Bd3 Nbd7 7. a3 Bxc3+ 8.
bxc3 Re8 9. Ne2 e5 10. O-O c5 11. d5 h6 12. Ng3 Nf8 13. f4 exf4 14. Bxf4 Ng4
15. h3 Ne5 16. Be2 Nfg6 17. Bd2 Qh4 18. Nf5 Bxf5 19. exf5 Nf8 20. f6 Neg6 21.
Bd3 gxf6 22. Be1 Qg5 23. Rf5 Qe3+ 24. Bf2 Qe7 25. Qd2 Nd7 26. Qxh6 Qf8 27. Qd2
Qg7 28. Rf1 Re5 29. Rf3 Rg5 30. Be3 Nh4 31. Bxg5 Nxf3+ 32. Rxf3 fxg5 33. Rg3 f6
34. h4 g4 35. Bf5 Ne5 36. Qf4 Kf8 37. Bxg4 Ke7 38. Qf5 Rd8 39. Kh2 Qh6 40. Bh5
Rh8 41. Qe6+ Kd8 42. Qxd6+ Kc8 43. Bg4+ Nxg4+ 44. Rxg4 f5 45. Rg8+ 1-0

[Event "XXXVIII Torneo Internacional de Ajedrez"]
[Site "La Roda (Albacete) - ESPAÑA"]
[Date "2011.04.24"]
[Round "8.9"]
[White "Anton Guijarro, David"]
[Black "Alonso Rosell, Alvar"]
[Result "1/2-1/2"]
[WhiteElo "2425"]
[BlackElo "2477"]
[PlyCount "32"]
[EventDate "2011.04.20"]

1. e4 d5 2. exd5 Qxd5 3. Nc3 Qd6 4. d4 Nf6 5. Nf3 g6 6. Nb5 Qb6 7. c4 c6 8. Nc3
Bg7 9. h3 O-O 10. Bd3 c5 11. dxc5 Qxc5 12. Be3 Qa5 13. O-O Rd8 14. Qe2 Nc6 15.
Rad1 Qh5 16. Ne4 Bf5 1/2-1/2

[Event "XXXVIII Torneo Internacional de Ajedrez"]
[Site "La Roda (Albacete) - ESPAÑA"]
[Date "2011.04.24"]
[Round "8.10"]
[White "Kovacevic, Slobodan"]
[Black "Plaskett, H James"]
[Result "1/2-1/2"]
[WhiteElo "2322"]
[BlackElo "2475"]
[PlyCount "37"]
[EventDate "2011.04.20"]

1. d4 d6 2. Nf3 c6 3. c3 g6 4. e4 Bg7 5. a4 Nf6 6. Qc2 O-O 7. a5 Qc7 8. Be2 c5
9. dxc5 Qxc5 10. Bf4 e5 11. Bg5 d5 12. Bxf6 Bxf6 13. Nbd2 Be6 14. exd5 Qxd5 15.
Bc4 Qd8 16. a6 b6 17. O-O Bf5 18. Ne4 Be7 19. Qe2 1/2-1/2

[Event "XXXVIII Torneo Internacional de Ajedrez"]
[Site "La Roda (Albacete) - ESPAÑA"]
[Date "2011.04.24"]
[Round "8.11"]
[White "Antoli Royo, Joaquin Miguel"]
[Black "Valmana Canto, Jaime"]
[Result "1-0"]
[WhiteElo "2435"]
[BlackElo "2330"]
[PlyCount "53"]
[EventDate "2011.04.20"]

1. e4 c5 2. Nf3 e6 3. Nc3 Nc6 4. d4 cxd4 5. Nxd4 Nf6 6. Nxc6 bxc6 7. Bd3 e5 8.
O-O a5 9. Qe2 Bc5 10. Na4 Ba7 11. Be3 O-O 12. c4 d6 13. Rfd1 Qe7 14. h3 Rd8 15.
Rac1 Be6 16. b3 h6 17. Bb1 Bxe3 18. Qxe3 Nh5 19. Bd3 Nf4 20. Bf1 Bd7 21. c5 d5
22. exd5 Nxd5 23. Rxd5 cxd5 24. c6 d4 25. Qe4 Rac8 26. Nb6 Qd6 27. Nxd7 1-0

[Event "XXXVIII Torneo Internacional de Ajedrez"]
[Site "La Roda (Albacete) - ESPAÑA"]
[Date "2011.04.24"]
[Round "8.12"]
[White "Gemy, Jose Daniel"]
[Black "Garza Marco, Sergio"]
[Result "1/2-1/2"]
[WhiteElo "2288"]
[BlackElo "2434"]
[PlyCount "94"]
[EventDate "2011.04.20"]

1. d4 d6 2. Nf3 g6 3. g3 Bg7 4. Bg2 f5 5. O-O Nf6 6. c4 O-O 7. Nc3 Qe8 8. d5 a5
9. Nd4 Na6 10. Re1 Nc5 11. Ncb5 Qd8 12. Rb1 h6 13. b3 g5 14. Qc2 Ng4 15. h3 Ne5
16. f4 gxf4 17. gxf4 Ng6 18. e3 e5 19. dxe6 c6 20. Nxf5 cxb5 21. Nxg7 Kxg7 22.
Bb2+ Kh7 23. f5 Rg8 24. fxg6+ Rxg6 25. Kh1 Bxe6 26. Rg1 Qh4 27. Rbf1 Rag8 28.
Rf4 Qg3 29. Rf3 Qh4 30. Rf4 Qg3 31. Rf3 Qg5 32. Bf6 Qh5 33. Kh2 bxc4 34. bxc4
Nd7 35. Qe4 Nc5 36. Qc2 Rf8 37. Rf4 Kg8 38. Qxg6+ Qxg6 39. Bf1 Qxg1+ 40. Kxg1
Rf7 41. Kh2 a4 42. Be2 a3 43. Bc3 Na6 44. Rxf7 Kxf7 45. Bd2 d5 46. cxd5 Bxd5
47. Bxa6 bxa6 1/2-1/2

[Event "XXXVIII Torneo Internacional de Ajedrez"]
[Site "La Roda (Albacete) - ESPAÑA"]
[Date "2011.04.24"]
[Round "8.13"]
[White "Rojas Keim, Luis"]
[Black "Sande Edreira, Jose Antonio"]
[Result "1-0"]
[WhiteElo "2432"]
[BlackElo "2310"]
[PlyCount "103"]
[EventDate "2011.04.20"]

1. d4 g6 2. e4 Bg7 3. Nc3 c5 4. d5 d6 5. Bb5+ Nd7 6. a4 Ngf6 7. f4 O-O 8. Nf3
Ne8 9. O-O Nc7 10. Bc4 a6 11. Re1 Rb8 12. a5 b5 13. axb6 Nxb6 14. Bf1 Nb5 15.
Ne2 Qc7 16. c3 Ra8 17. Ng3 c4 18. f5 Nd7 19. Qe2 Bb7 20. Qxc4 Qxc4 21. Bxc4
Nxc3 22. bxc3 Bxc3 23. Bg5 f6 24. Bd2 Bxa1 25. Rxa1 Rfc8 26. Bb3 Nc5 27. Bc2
Nd7 28. Nd4 Rc4 29. Nge2 Nc5 30. fxg6 hxg6 31. Bb1 Ra4 32. Rxa4 Nxa4 33. Kf2
Kf7 34. Nb3 Rb8 35. Na5 Bc8 36. Bc2 Rb2 37. Nd4 Nc5 38. Ke3 Bd7 39. Bc3 Rb8 40.
Ndc6 Rh8 41. h3 g5 42. Bd4 g4 43. hxg4 Rg8 44. Bxc5 dxc5 45. e5 fxe5 46. Nxe5+
Ke8 47. Bg6+ Kd8 48. g5 Bb5 49. Kf4 c4 50. Bf7 Rf8 51. g6 Be8 52. Naxc4 1-0

[Event "XXXVIII Torneo Internacional de Ajedrez"]
[Site "La Roda (Albacete) - ESPAÑA"]
[Date "2011.04.24"]
[Round "8.14"]
[White "Camacho Collados, Jose"]
[Black "Suarez Uriel, Adrian"]
[Result "1-0"]
[WhiteElo "2380"]
[BlackElo "2192"]
[PlyCount "118"]
[EventDate "2011.04.20"]

1. Nf3 g6 2. d4 Nf6 3. c4 Bg7 4. g3 c6 5. Bg2 d5 6. O-O dxc4 7. Nbd2 c3 8. bxc3
O-O 9. a4 c5 10. Ba3 cxd4 11. cxd4 Nc6 12. e3 Bf5 13. Qb3 Qd7 14. Rfd1 Be6 15.
Qb5 a6 16. Qd3 Rfd8 17. Nc4 Bf5 18. Qb3 Be6 19. Qd3 Bf5 20. Qe2 Nd5 21. Rac1
Be4 22. Ncd2 Bxf3 23. Bxf3 e5 24. Nc4 exd4 25. e4 d3 26. Qxd3 Nf6 27. Qxd7 Nxd7
28. Nd6 Nde5 29. Be2 Na5 30. f4 Nec6 31. e5 Bf8 32. Bf3 Rd7 33. Bg4 Rdd8 34. e6
f5 35. Bf3 Be7 36. h3 Rab8 37. g4 fxg4 38. hxg4 b5 39. Bxc6 b4 40. Bb2 Bxd6 41.
Bd5 Be7 42. f5 Rf8 43. f6 Rxf6 44. Bxf6 Bxf6 45. Rc5 b3 46. Rxa5 b2 47. Ba2 Rc8
48. Kg2 Rc2+ 49. Kf3 Rc3+ 50. Ke4 Kg7 51. Rxa6 Rc1 52. Rad6 Ra1 53. Bb1 Rxa4+
54. Kf3 Ra3+ 55. R6d3 Ra4 56. Rd7+ Kg8 57. Rf7 Ra3+ 58. Kg2 Bg5 59. Rb7 Bf6 1-0

[Event "XXXVIII Torneo Internacional de Ajedrez"]
[Site "La Roda (Albacete) - ESPAÑA"]
[Date "2011.04.24"]
[Round "8.15"]
[White "Cruz Lledo, Pablo"]
[Black "Granero Roca, Antonio"]
[Result "0-1"]
[WhiteElo "2241"]
[BlackElo "2431"]
[PlyCount "66"]
[EventDate "2011.04.20"]

1. d4 Nf6 2. c4 e6 3. Nc3 Bb4 4. Qc2 O-O 5. e4 d6 6. Nf3 e5 7. d5 Nbd7 8. Bd3
Nc5 9. Bd2 Bxc3 10. Bxc3 Nh5 11. Nd2 f5 12. g3 Nxd3+ 13. Qxd3 fxe4 14. Qxe4 Bf5
15. Qe3 Qd7 16. f3 Bg6 17. O-O Qh3 18. Ne4 Bxe4 19. fxe4 b6 20. Bd2 h6 21. b4
Qg4 22. Kh1 Rxf1+ 23. Rxf1 Rf8 24. Rg1 Rf3 25. Qe2 Nf6 26. Re1 Ra3 27. Qg2 Rxa2
28. Re2 Qg6 29. c5 Nxe4 30. cxb6 cxb6 31. h3 Rxd2 32. Qxe4 Qxe4+ 33. Rxe4 Rxd5
0-1

[Event "XXXVIII Torneo Internacional de Ajedrez"]
[Site "La Roda (Albacete) - ESPAÑA"]
[Date "2011.04.24"]
[Round "8.16"]
[White "Gil Quilez, David"]
[Black "Espinosa Aranda, Angel"]
[Result "0-1"]
[WhiteElo "2201"]
[BlackElo "2399"]
[PlyCount "98"]
[EventDate "2011.04.20"]

1. d4 e6 2. Nf3 c5 3. e3 Nf6 4. c4 d5 5. Nc3 Nc6 6. a3 cxd4 7. exd4 Be7 8. Be2
O-O 9. O-O b6 10. Bf4 Bb7 11. Rc1 Rc8 12. cxd5 Nxd5 13. Bg3 Nxc3 14. Rxc3 Bf6
15. Rd3 Qd5 16. Be5 Be7 17. Qa4 b5 18. Qb3 Na5 19. Qxd5 Bxd5 20. b4 Nc4 21. Bf4
a5 22. Bc1 axb4 23. axb4 Ra8 24. Rb3 Ra4 25. Bf4 Rfa8 26. h3 f6 27. Rbb1 g5 28.
Be3 h6 29. Rfc1 Rxb4 30. Rxb4 Bxb4 31. Rb1 Bd6 32. Bd3 b4 33. Nd2 Nxe3 34. fxe3
Ra3 35. Nc4 Rxd3 36. Nxd6 b3 37. e4 Bc6 38. Rc1 Rxd4 39. Rxc6 b2 40. Rb6 Rd1+
41. Kf2 b1=Q 42. Rxb1 Rxb1 43. Nc4 Kg7 44. Ne3 Kg6 45. g4 Kf7 46. e5 Rb2+ 47.
Kf3 Rb3 48. exf6 Kxf6 49. Ke4 Rxe3+ 0-1

[Event "XXXVIII Torneo Internacional de Ajedrez"]
[Site "La Roda (Albacete) - ESPAÑA"]
[Date "2011.04.24"]
[Round "8.17"]
[White "Alcaraz Ortega, Javier"]
[Black "Camacho Collados, Marcos"]
[Result "1/2-1/2"]
[WhiteElo "2236"]
[BlackElo "2376"]
[PlyCount "205"]
[EventDate "2011.04.20"]

1. d4 d6 2. Nf3 g6 3. c4 Bg7 4. e4 Nd7 5. Nc3 e5 6. Be2 Ne7 7. O-O O-O 8. Re1
h6 9. Rb1 a5 10. Be3 Nc6 11. Bf1 Re8 12. b3 Nf6 13. d5 Nb8 14. h3 b6 15. a3 Nh5
16. b4 Nd7 17. c5 axb4 18. axb4 bxc5 19. bxc5 Nxc5 20. Bxc5 dxc5 21. Na4 Bf8
22. Qc2 Ba6 23. Bxa6 Rxa6 24. Nxc5 Ra3 25. Nd3 Bd6 26. Rb3 Rxb3 27. Qxb3 Nf6
28. Qc3 Nd7 29. g3 Qe7 30. Kg2 Ra8 31. Nd2 Ra3 32. Qc2 Nb6 33. Nc4 Nxc4 34.
Qxc4 Qe8 35. Re3 Qb8 36. Rf3 Qe8 37. h4 h5 38. Ne1 Ra4 39. Qc2 Qb5 40. Rb3 Qc4
41. Qxc4 Rxc4 42. f3 Rc1 43. Kf2 Ra1 44. Nd3 Kf8 45. Ke3 Ke7 46. Rc3 Ra2 47. f4
f6 48. fxe5 fxe5 49. Rc1 Ra3 50. Rc2 Kf6 51. Rf2+ Kg7 52. Ke2 Ra4 53. Ke3 Ra3
54. Ke2 Ra6 55. Ke3 Ra4 56. Rf1 Ra3 57. Ke2 Ra6 58. Rc1 Kf6 59. Rf1+ Ke7 60.
Rc1 Ra3 61. Ke3 Kd7 62. Ke2 Kd8 63. Rf1 Ke7 64. Rc1 Ra8 65. Ke3 Rg8 66. Rf1 Rc8
67. Rc1 Ra8 68. Rf1 Ra6 69. Rc1 Kf6 70. Rf1+ Kg7 71. Rc1 Ra3 72. Ke2 Kh6 73.
Rf1 Kg7 74. Rc1 Ra7 75. Ke3 Kg8 76. Rf1 Ra6 77. Rc1 Ra8 78. Rf1 Re8 79. Rf6 Kg7
80. Rf1 Re7 81. Ke2 Re8 82. Ke3 Be7 83. Rc1 Bd6 84. Nc5 Kf7 85. Ne6 Ke7 86. Rf1
Ra8 87. Ng5 Ra3+ 88. Kf2 Bc5+ 89. Kg2 Ra2+ 90. Kh3 Rf2 91. Rxf2 Bxf2 92. Nf3
Kd6 93. g4 Be3 94. gxh5 gxh5 95. Kg3 Bf4+ 96. Kf2 c6 97. dxc6 Kxc6 98. Ng5 Kb5
99. Ne6 Bh6 100. Nc7+ Kc4 101. Ne8 Kd3 102. Nf6 Bf8 103. Kf3 1/2-1/2